[Projecte de pressupost 2009] / Diputació de Barcelona
Publicado:
Barcelona :
la Diputació. Àrea d'Hisenda i Recursos Interns. Direcció de Serveis de Planificació Econòmica. Servei de Programació ,
2008
Descripción Física:
4 v. ; 30 cm
MARC
| LEADER | 00000nam a2200000Ia 4500 | ||
|---|---|---|---|
| 001 | 21143, 21144, 21145, 21179 | ||
| 008 | 160829s2008 xx 000 0 cat d | ||
| 080 | |a Pressupostos | ||
| 110 | 1 | |a Barcelona (Catalunya : Província). |b Diputació |9 52408 | |
| 245 | |a [Projecte de pressupost 2009] / Diputació de Barcelona | ||
| 260 | |a Barcelona : |b la Diputació. Àrea d'Hisenda i Recursos Interns. Direcció de Serveis de Planificació Econòmica. Servei de Programació, |c 2008 | ||
| 300 | |a 4 v. ; |c 30 cm | ||
| 610 | 1 | 0 | |a Barcelona (Catalunya : Província). |b Diputació |x Assignacions pressupostàries i despeses |9 53789 |
| 710 | |a Barcelona (Catalunya : Província). |b Servei de Programació |9 53631 | ||
| 866 | |a 1: Projecte; 2: Memòria; 3: Annex de plantilla; 4: Informe econòmic i financer. Annex d'inversions. Situació del deute. Pla estratègic de subvencions | ||
| 901 | |a Arxiu | ||
| 942 | |n 1 | ||
| 952 | |0 0 |1 0 |4 0 |6 PRESSUPOSTOS |7 1 |9 51414 |a Arxiu |b Arxiu |d 2016-12-01 |l 0 |o Pressupostos |p 21143, 21144, 21145, |r 2016-12-01 00:00:00 |w 2016-12-01 |y ARXIU | ||
| 999 | |c 55258 |d 55258 | ||